[Event "6.Torneo de Promoción Almansa 2011"]
[Site "Almansa ESP"]
[Date "2011.08.11"]
[Round "4.3"]
[White "Martinez Lopez, David"]
[Black "Aranda Marin, Cristian"]
[Result "1/2-1/2"]
[WhiteElo "2183"]
[BlackElo "2310"]
[PlyCount "82"]
[EventDate "2011.08.09"]
[EventType "swiss"]
[EventRounds "9"]
[EventCountry "ESP"]
[Source "lmi"]
[SourceDate "2011.08.09"]

1. e4 e6 2. d4 d5 3. exd5 exd5 4. c4 Nf6 5. Nc3 Be7 6. cxd5 O-O 7. Bd3 Re8 8.
Nge2 Nbd7 9. O-O Nb6 10. Nf4 Bg4 11. f3 Bc8 12. Be4 a5 13. a3 a4 14. Qd3 Bd6
15. Nfe2 c6 16. dxc6 bxc6 17. Bxc6 Bxh2+ 18. Kxh2 Qd6+ 19. Bf4 Qxc6 20. Rfc1
Ba6 21. Qd1 Qe6 22. Ng1 Qf5 23. Nh3 Nfd5 24. Nxd5 Nxd5 25. Rc5 Qd7 26. Bg3 Re2
27. Rxd5 Qxd5 28. Nf4 Qxf3 29. Qxe2 Qxe2 30. Nxe2 Bxe2 31. Re1 Bc4 32. Re5 Rd8
33. Ra5 Bb3 34. Bc7 Rc8 35. d5 Kf8 36. Bd6+ Ke8 37. Bb4 Rc7 38. d6 Rb7 39. Re5+
Kd7 40. Re7+ Kc6 41. Re3 Be6 1/2-1/2

[Event "6.Torneo de Promoción Almansa 2011"]
[Site "Almansa ESP"]
[Date "2011.08.11"]
[Round "4.4"]
[White "Martinez Piqueras, Carlos"]
[Black "Serna Lara, Sergio"]
[Result "1/2-1/2"]
[WhiteElo "2158"]
[BlackElo "2253"]
[PlyCount "44"]
[EventDate "2011.08.09"]
[EventType "swiss"]
[EventRounds "9"]
[EventCountry "ESP"]
[Source "lmi"]
[SourceDate "2011.08.09"]

1. e4 e6 2. d4 d5 3. Nd2 Be7 4. Ngf3 Nf6 5. e5 Nfd7 6. Bd3 c5 7. c3 Nc6 8. O-O
a5 9. Re1 a4 10. dxc5 Nxc5 11. Bc2 Bd7 12. Nd4 a3 13. bxa3 Nxd4 14. cxd4 Na4
15. Qg4 g6 16. Nf3 Nb6 17. Bh6 Rc8 18. Bb3 Bf8 19. Bg5 Be7 20. Bh6 Bf8 21. Bg5
Be7 22. Bh6 Bf8 1/2-1/2

[Event "6.Torneo de Promoción Almansa 2011"]
[Site "Almansa ESP"]
[Date "2011.08.11"]
[Round "4.5"]
[White "Carrascoso Morales, Abel"]
[Black "Mingarro Carceller, Sergi"]
[Result "1/2-1/2"]
[WhiteElo "2263"]
[BlackElo "2069"]
[PlyCount "68"]
[EventDate "2011.08.09"]
[EventType "swiss"]
[EventRounds "9"]
[EventCountry "ESP"]
[Source "lmi"]
[SourceDate "2011.08.09"]

1. e4 e6 2. Nf3 d5 3. e5 c5 4. b4 d4 5. bxc5 Bxc5 6. Ba3 Qa5 7. Bxc5 Qxc5 8.
Bd3 Nc6 9. O-O Nge7 10. Re1 Ng6 11. Bxg6 hxg6 12. c3 Bd7 13. Re4 d3 14. Qb3 Rh5
15. Na3 Na5 16. Qb4 Qxb4 17. cxb4 Bc6 18. Re3 Bxf3 19. bxa5 Bc6 20. Rc1 a6 21.
Nc4 Rd8 22. Nd6+ Ke7 23. f4 g5 24. Rc4 gxf4 25. Rxf4 Rxe5 26. Rxe5 Rxd6 27. Kf2
f6 28. Rc5 e5 29. Rb4 Ke6 30. g3 f5 31. h4 Rd8 32. Rb6 Kd6 33. Rc3 e4 34. Ke3
Re8 1/2-1/2

[Event "6.Torneo de Promoción Almansa 2011"]
[Site "Almansa ESP"]
[Date "2011.08.11"]
[Round "4.6"]
[White "Ontanon Gomez, Pablo"]
[Black "Berrocal, Jorge"]
[Result "1/2-1/2"]
[WhiteElo "2104"]
[BlackElo "2261"]
[PlyCount "40"]
[EventDate "2011.08.09"]
[EventType "swiss"]
[EventRounds "9"]
[EventCountry "ESP"]
[Source "lmi"]
[SourceDate "2011.08.09"]

1. e4 e6 2. d4 d5 3. Nc3 Nf6 4. Bg5 Be7 5. e5 Nfd7 6. Bxe7 Qxe7 7. f4 a6 8. Nf3
c5 9. Qd2 Nc6 10. dxc5 O-O 11. Bd3 f6 12. exf6 Qxf6 13. g3 Nxc5 14. O-O-O Bd7
15. Rhe1 Be8 16. Ne5 Rc8 17. Bf1 Kh8 18. Bh3 Bg6 19. Nxg6+ Qxg6 20. Bg2 Nb4
1/2-1/2

[Event "6.Torneo de Promoción Almansa 2011"]
[Site "Almansa ESP"]
[Date "2011.08.11"]
[Round "4.7"]
[White "Alcaraz Ortega, Javier"]
[Black "Munoz Navarro, Alberto"]
[Result "1-0"]
[WhiteElo "2248"]
[BlackElo "2167"]
[PlyCount "61"]
[EventDate "2011.08.09"]
[EventType "swiss"]
[EventRounds "9"]
[EventCountry "ESP"]
[Source "lmi"]
[SourceDate "2011.08.09"]

1. d4 d5 2. Bf4 Nf6 3. e3 g6 4. Nd2 Bg7 5. h3 O-O 6. c3 Nbd7 7. Ngf3 b6 8. Be2
Bb7 9. O-O Ne4 10. a4 a6 11. Qc2 Nxd2 12. Qxd2 e6 13. b4 Nf6 14. Rab1 Qe7 15.
Qb2 Ne4 16. c4 dxc4 17. Bxc4 Bd5 18. Qb3 c6 19. Rfc1 Rfc8 20. Qd3 Qb7 21. a5
Bf8 22. Qc2 Bd6 23. Ne5 Qc7 24. Bd3 f6 25. Bxe4 fxe5 26. dxe5 Bf8 27. Bd3 bxa5
28. bxa5 c5 29. e4 Bc6 30. Bc4 Re8 31. Rb6 1-0

[Event "6.Torneo de Promoción Almansa 2011"]
[Site "Almansa ESP"]
[Date "2011.08.11"]
[Round "4.8"]
[White "Martin Hernandez, Ruben"]
[Black "Asensio Linan, Teodoro"]
[Result "1-0"]
[WhiteElo "2128"]
[BlackElo "2223"]
[PlyCount "99"]
[EventDate "2011.08.09"]
[EventType "swiss"]
[EventRounds "9"]
[EventCountry "ESP"]
[Source "lmi"]
[SourceDate "2011.08.09"]

1. c4 Nf6 2. Nf3 c5 3. Nc3 Nc6 4. g3 d5 5. cxd5 Nxd5 6. Bg2 e5 7. Nxd5 Qxd5 8.
O-O Be7 9. d3 O-O 10. Be3 Qd6 11. a3 Bg4 12. b4 cxb4 13. axb4 Nd4 14. Nxd4 exd4
15. Bd2 Qb6 16. Qa4 Bf6 17. Rfe1 Rfe8 18. f3 Be6 19. Qa5 Qxa5 20. bxa5 Bd5 21.
f4 Bxg2 22. Kxg2 h5 23. Kf2 Rac8 24. Rec1 b5 25. axb6 axb6 26. Rxc8 Rxc8 27.
Rb1 Rc2 28. Be1 Rc6 29. Kf3 Be7 30. Bb4 Bf6 31. h3 g6 32. g4 hxg4+ 33. hxg4 g5
34. f5 Kg7 35. Ba3 Rc3 36. Bd6 Rc6 37. Bb8 Kf8 38. Ke4 Ke8 39. Be5 Bxe5 40.
Kxe5 Rc2 41. Rxb6 Rxe2+ 42. Kf6 Re3 43. Rb8+ Kd7 44. Kxf7 Rg3 45. Kg7 Rxg4 46.
f6 Rf4 47. f7 Kd6 48. f8=Q+ Rxf8 49. Rxf8 Kc5 50. Rf5+ 1-0

[Event "6.Torneo de Promoción Almansa 2011"]
[Site "Almansa ESP"]
[Date "2011.08.11"]
[Round "4.9"]
[White "Navarro Ortiz De Ortuno, Borja"]
[Black "Krug Cortegoso, Rodolfo Martin"]
[Result "1-0"]
[WhiteElo "2216"]
[BlackElo "2127"]
[PlyCount "101"]
[EventDate "2011.08.09"]
[EventType "swiss"]
[EventRounds "9"]
[EventCountry "ESP"]
[Source "lmi"]
[SourceDate "2011.08.09"]

1. d4 Nf6 2. c4 g6 3. Nf3 Bg7 4. g3 O-O 5. Bg2 d6 6. O-O Nc6 7. Nc3 a6 8. h3
Bd7 9. Be3 Rb8 10. Rc1 e6 11. b3 b5 12. d5 Ne7 13. Nd4 b4 14. dxe6 fxe6 15. Nb1
e5 16. Nc2 Qc8 17. Kh2 Nf5 18. Ba7 Rb7 19. Bxb7 Qxb7 20. Be3 Bc6 21. f3 Nxe3
22. Nxe3 Bh6 23. Ng4 Nxg4+ 24. hxg4 Bxc1 25. Qxc1 e4 26. fxe4 Qc8 27. Rf4 Re8
28. Nd2 Re5 29. Qc2 Qe8 30. Qd3 Qe7 31. Qd4 a5 32. Qa7 g5 33. Rf5 Bxe4 34. Rxe5
Qxe5 35. Qb8+ Kg7 36. Qxc7+ Kg8 37. Qd8+ Kf7 38. Qd7+ Kg8 39. Qc8+ Kg7 40. Qc7+
Kg8 41. c5 Bd5 42. Qd8+ Kf7 43. Qd7+ Kg8 44. e4 Qd4 45. Qe8+ Kg7 46. Qe7+ Kh8
47. exd5 Qxd2+ 48. Kh3 Qf2 49. Qd8+ Kg7 50. Qxg5+ Kh8 51. Qf5 1-0

[Event "6.Torneo de Promoción Almansa 2011"]
[Site "Almansa ESP"]
[Date "2011.08.11"]
[Round "4.10"]
[White "Mengual Bolo, Carles"]
[Black "Sabater Sanchez, Asensio"]
[Result "1/2-1/2"]
[WhiteElo "2094"]
[BlackElo "2208"]
[PlyCount "94"]
[EventDate "2011.08.09"]
[EventType "swiss"]
[EventRounds "9"]
[EventCountry "ESP"]
[Source "lmi"]
[SourceDate "2011.08.09"]

1. e4 e5 2. Nf3 Nc6 3. Bb5 a6 4. Ba4 Nf6 5. O-O Be7 6. Qe2 b5 7. Bb3 O-O 8. c3
d6 9. h3 Bb7 10. d3 h6 11. a3 Na5 12. Ba2 c5 13. b4 Nc6 14. Nh4 d5 15. exd5
Nxd5 16. Nf5 Nf6 17. Be3 cxb4 18. axb4 Qd7 19. Nxe7+ Nxe7 20. Bc5 Rfe8 21. Qxe5
Ng6 22. Qg3 Nd5 23. Bxd5 Qxd5 24. Bd4 Re2 25. Na3 Rae8 26. Rac1 Qf5 27. Nc2 Qf4
28. Qh2 Qxh2+ 29. Kxh2 Nf4 30. Ne1 Ra2 31. Nf3 Ree2 32. Ra1 Bxf3 33. Rxa2 Rxa2
34. gxf3 Nxd3 35. Kg3 Re2 36. Ra1 Re6 37. f4 f5 38. Rd1 Nb2 39. Ra1 Kf7 40. h4
g6 41. Kf3 Rc6 42. Re1 Na4 43. Re3 Re6 44. Rd3 Nb2 45. Rd2 Nc4 46. Rd1 Ke8 47.
Rd3 Rd6 1/2-1/2

[Event "6.Torneo de Promoción Almansa 2011"]
[Site "Almansa ESP"]
[Date "2011.08.11"]
[Round "4.11"]
[White "Laliena Solanes, Luis"]
[Black "Garcia Gata, Jorge D"]
[Result "1/2-1/2"]
[WhiteElo "2197"]
[BlackElo "2125"]
[PlyCount "81"]
[EventDate "2011.08.09"]
[EventType "swiss"]
[EventRounds "9"]
[EventCountry "ESP"]
[Source "lmi"]
[SourceDate "2011.08.09"]

1. d4 Nf6 2. Bf4 g6 3. Nf3 Bg7 4. Nc3 d5 5. Qd2 O-O 6. Bh6 c6 7. h4 Bxh6 8.
Qxh6 Ng4 9. Qd2 h5 10. Ng5 Qc7 11. e3 e5 12. O-O-O Bf5 13. f3 exd4 14. exd4 Nf6
15. Be2 Qg3 16. Rdg1 Nbd7 17. Nd1 Rfe8 18. Bd3 Bxd3 19. Rh3 Qd6 20. Qxd3 c5 21.
Kb1 Rac8 22. c3 cxd4 23. Qxd4 Rc4 24. Qd2 Qb6 25. Rhh1 d4 26. g4 dxc3 27. Nxc3
Rec8 28. Ka1 Rd4 29. Qe2 Nc5 30. Rd1 Re8 31. Qc2 Red8 32. gxh5 Nxh5 33. Rxd4
Rxd4 34. Re1 Nd3 35. Re8+ Kg7 36. Qe2 Nhf4 37. Rg8+ Kf6 38. Nge4+ Ke7 39. Qc2
Nb4 40. Qb3 Nbd5 41. Qc2 1/2-1/2

[Event "6.Torneo de Promoción Almansa 2011"]
[Site "Almansa ESP"]
[Date "2011.08.11"]
[Round "4.13"]
[White "Lara Granero, Bio"]
[Black "Gil Quilez, David"]
[Result "0-1"]
[WhiteElo "2050"]
[BlackElo "2182"]
[PlyCount "64"]
[EventDate "2011.08.09"]
[EventType "swiss"]
[EventRounds "9"]
[EventCountry "ESP"]
[Source "lmi"]
[SourceDate "2011.08.09"]

1. e4 c5 2. f4 e6 3. Nf3 Nc6 4. Nc3 d5 5. d3 Nf6 6. Be2 a6 7. a4 Be7 8. O-O Rb8
9. h3 b5 10. e5 Nd7 11. Kh2 b4 12. Nb1 Qc7 13. c3 O-O 14. Nbd2 f6 15. d4 fxe5
16. fxe5 cxd4 17. cxd4 Nxd4 18. Nxd4 Qxe5+ 19. Kh1 Qxd4 20. Qc2 Rxf1+ 21. Nxf1
Qc5 22. Qb3 Qf2 23. Qc2 Bc5 24. Be3 Bxe3 25. Nxe3 Qxe3 26. Rf1 Qc5 27. Qd2 Qe7
28. Bd3 Nc5 29. Bb1 Bd7 30. Qf4 e5 31. Qd2 Be6 32. Rc1 e4 0-1

[Event "6.Torneo de Promoción Almansa 2011"]
[Site "Almansa ESP"]
[Date "2011.08.11"]
[Round "4.15"]
[White "Diez Machin, Vicente"]
[Black "Kovacevic, Slobodan"]
[Result "0-1"]
[WhiteElo "2017"]
[BlackElo "2325"]
[PlyCount "62"]
[EventDate "2011.08.09"]
[EventType "swiss"]
[EventRounds "9"]
[EventCountry "ESP"]
[Source "lmi"]
[SourceDate "2011.08.09"]

1. e4 c5 2. Nf3 e6 3. d4 cxd4 4. Nxd4 d6 5. c4 Nf6 6. Bd3 Qc7 7. O-O b6 8. Bg5
Be7 9. Nc3 Bb7 10. Qe2 a6 11. Kh1 Nbd7 12. f4 h6 13. Bh4 O-O 14. Rad1 Rfe8 15.
Bb1 Rac8 16. b3 b5 17. Bxf6 Nxf6 18. e5 dxe5 19. fxe5 Nd7 20. Nxe6 fxe6 21.
Rxd7 Qxd7 22. Qc2 Bf6 23. Qh7+ Kf8 24. Rxf6+ Ke7 25. Qxg7+ Kd8 26. Rf7 Re7 27.
Rf8+ Kc7 28. Rxc8+ Bxc8 29. Qxh6 b4 30. Nd5+ exd5 31. Bf5 Rxe5 0-1

[Event "6.Torneo de Promoción Almansa 2011"]
[Site "Almansa ESP"]
[Date "2011.08.11"]
[Round "5.1"]
[White "Cruz Lledo, Pablo"]
[Black "Chueca Forcen, Alberto"]
[Result "1/2-1/2"]
[WhiteElo "2269"]
[BlackElo "2323"]
[PlyCount "88"]
[EventDate "2011.08.09"]
[EventType "swiss"]
[EventRounds "9"]
[EventCountry "ESP"]
[Source "lmi"]
[SourceDate "2011.08.09"]

1. d4 Nf6 2. Nf3 e6 3. Bg5 c5 4. c3 Be7 5. Nbd2 cxd4 6. cxd4 h6 7. Bh4 O-O 8.
e3 b6 9. Rc1 d6 10. Bd3 Ba6 11. Bxa6 Nxa6 12. Qa4 Nb8 13. O-O Nbd7 14. Rc6 a6
15. Bxf6 Nxf6 16. Rfc1 b5 17. Qc2 Nd5 18. a3 Nb6 19. b3 Rc8 20. Ne1 d5 21. Rxc8
Qxc8 22. Qb2 Qb7 23. Nd3 Rc8 24. Nc5 Qa7 25. Nf3 Bd6 26. g3 e5 27. Qe2 Qe7 28.
Qc2 a5 29. Qd2 a4 30. Qa5 e4 31. Qxb6 exf3 32. Qxb5 axb3 33. Qxb3 Qe6 34. Qd1
Qf5 35. a4 h5 36. a5 h4 37. a6 hxg3 38. fxg3 g5 39. Kf2 g4 40. a7 Ra8 41. Ra1
Qh7 42. h4 gxh3 43. Qxf3 h2 44. Qg4+ Kh8 1/2-1/2

[Event "6.Torneo de Promoción Almansa 2011"]
[Site "Almansa ESP"]
[Date "2011.08.11"]
[Round "5.2"]
[White "Aranda Marin, Cristian"]
[Black "Navarrete Espi, Samuel"]
[Result "1-0"]
[WhiteElo "2310"]
[BlackElo "2169"]
[PlyCount "115"]
[EventDate "2011.08.09"]
[EventType "swiss"]
[EventRounds "9"]
[EventCountry "ESP"]
[Source "lmi"]
[SourceDate "2011.08.09"]

1. d4 g6 2. e4 d6 3. Nc3 Nf6 4. Be3 c6 5. f3 b5 6. Qd2 Nbd7 7. O-O-O Nb6 8. Bd3
Bb7 9. e5 Nfd5 10. Nxd5 Nxd5 11. f4 Bg7 12. Nf3 O-O 13. h4 b4 14. Be4 Qa5 15.
Bxd5 cxd5 16. Kb1 Bc8 17. h5 Bf5 18. Rh4 Rfc8 19. Rc1 Rc6 20. g4 Be4 21. Ng5
Ra6 22. a3 Rb8 23. Nxe4 dxe4 24. hxg6 fxg6 25. Rch1 Qd5 26. Rxh7 bxa3 27. b3
Rab6 28. Ka1 Kf8 29. f5 dxe5 30. Bh6 Bxh6 31. Qxh6+ Ke8 32. Rd1 Qc6 33. Qxg6+
Qxg6 34. fxg6 Kf8 35. dxe5 Rxg6 36. Rh8+ Rg8 37. Rxg8+ Kxg8 38. Rd4 e3 39. Re4
Rc8 40. c4 Rd8 41. Rxe3 Rd2 42. Rc3 Kf7 43. c5 Ke8 44. Rg3 Rc2 45. b4 Rc4 46.
g5 Rxb4 47. g6 Kf8 48. Rc3 Kg7 49. c6 Rb8 50. c7 Rc8 51. Rc6 e6 52. Ka2 Kxg6
53. Rxe6+ Kf7 54. Rc6 Ke7 55. e6 Kf6 56. Kxa3 Ke5 57. e7 Kd5 58. e8=Q 1-0

[Event "6.Torneo de Promoción Almansa 2011"]
[Site "Almansa ESP"]
[Date "2011.08.11"]
[Round "5.3"]
[White "Alcazar Jimenez, Jesus"]
[Black "Martinez Piqueras, Carlos"]
[Result "1/2-1/2"]
[WhiteElo "2257"]
[BlackElo "2158"]
[PlyCount "100"]
[EventDate "2011.08.09"]
[EventType "swiss"]
[EventRounds "9"]
[EventCountry "ESP"]
[Source "lmi"]
[SourceDate "2011.08.09"]

1. d4 Nf6 2. Bg5 Ne4 3. Bf4 c5 4. f3 Qa5+ 5. c3 Nf6 6. Nd2 cxd4 7. Nb3 Qb6 8.
Qxd4 Nc6 9. Qxb6 axb6 10. Be3 b5 11. Nd4 Nxd4 12. Bxd4 e6 13. e4 b4 14. Bb5
bxc3 15. Bxc3 Bc5 16. Ne2 O-O 17. Nf4 b6 18. Nd3 Ba6 19. Bxa6 Rxa6 20. Nxc5
bxc5 21. O-O Rfa8 22. a3 d5 23. exd5 exd5 24. Rfc1 d4 25. Be1 Nd7 26. Rc4 g5
27. a4 Rb8 28. b4 cxb4 29. Rxd4 Nc5 30. Rg4 Rxa4 31. Rxa4 Nxa4 32. Bxb4 h6 33.
Bd6 Ra8 34. h4 f5 35. Rb4 Kf7 36. Be5 Kg6 37. hxg5 hxg5 38. g4 fxg4 39. fxg4
Nc5 40. Rb6+ Kh7 41. Kg2 Re8 42. Bd4 Ne6 43. Be3 Nf4+ 44. Bxf4 gxf4 45. Kf3 Kg8
46. Kxf4 Ra8 47. Kg5 Rc8 48. Kg6 Ra8 49. g5 Rc8 50. Kf6 Ra8 1/2-1/2

[Event "6.Torneo de Promoción Almansa 2011"]
[Site "Almansa ESP"]
[Date "2011.08.11"]
[Round "5.4"]
[White "Serna Lara, Sergio"]
[Black "Martin Hernandez, Ruben"]
[Result "1-0"]
[WhiteElo "2253"]
[BlackElo "2128"]
[PlyCount "143"]
[EventDate "2011.08.09"]
[EventType "swiss"]
[EventRounds "9"]
[EventCountry "ESP"]
[Source "lmi"]
[SourceDate "2011.08.09"]

1. d4 Nf6 2. c4 g6 3. g3 Bg7 4. Bg2 d5 5. cxd5 Nxd5 6. Nf3 O-O 7. O-O Nb6 8.
Nc3 Nc6 9. e3 Re8 10. Re1 a5 11. Qe2 Be6 12. Rd1 Bc4 13. Qc2 Nb4 14. Qb1 e5 15.
a3 exd4 16. axb4 dxc3 17. Rxd8 Raxd8 18. Qc2 axb4 19. Nd2 cxd2 20. Bxd2 b3 21.
Qc1 Bd3 22. Bc3 Bc2 23. Bxg7 Kxg7 24. Qe1 Kg8 25. Bxb7 Na4 26. Rxa4 Rd1 27.
Qxd1 Bxd1 28. Kf1 Kg7 29. Ke1 Bc2 30. Kd2 Rb8 31. Be4 Bxe4 32. Rxe4 Kf6 33. Rc4
Rb7 34. Kc3 Ke5 35. g4 h6 36. h4 Kd5 37. Rd4+ Ke5 38. f3 Ra7 39. Kxb3 Ra1 40.
Rd7 Re1 41. Re7+ Kf6 42. Re4 Rh1 43. Rf4+ Ke7 44. g5 hxg5 45. hxg5 Rg1 46. Re4+
Kd7 47. f4 Re1 48. Kc4 Kd6 49. Rd4+ Ke6 50. Re4+ Kd6 51. b4 Rc1+ 52. Kb5 Re1
53. Re5 Re2 54. Kc4 Rc2+ 55. Kd3 Rb2 56. Re4 Rb3+ 57. Kc4 Rb1 58. Rd4+ Ke6 59.
Kc5 Rb3 60. Re4+ Kd7 61. Rd4+ Ke6 62. Kc6 Rc3+ 63. Kb7 c5 64. Re4+ Kd7 65. b5
Rc1 66. b6 Rc2 67. Re5 c4 68. Rd5+ Ke6 69. Rd4 c3 70. Kc6 Rd2 71. Re4+ Kf5 72.
Rc4 1-0

[Event "6.Torneo de Promoción Almansa 2011"]
[Site "Almansa ESP"]
[Date "2011.08.11"]
[Round "5.5"]
[White "Gil Quilez, David"]
[Black "Alcaraz Ortega, Javier"]
[Result "1/2-1/2"]
[WhiteElo "2182"]
[BlackElo "2248"]
[PlyCount "111"]
[EventDate "2011.08.09"]
[EventType "swiss"]
[EventRounds "9"]
[EventCountry "ESP"]
[Source "lmi"]
[SourceDate "2011.08.09"]

1. e4 c6 2. d4 d5 3. Nc3 dxe4 4. Nxe4 Nd7 5. Nf3 Ngf6 6. Nxf6+ Nxf6 7. h3 Bf5
8. Bd3 Bxd3 9. Qxd3 e6 10. Bg5 Be7 11. Bxf6 Bxf6 12. O-O O-O 13. Rfd1 Qc7 14.
c3 Rfd8 15. a4 Rd5 16. Qe4 Rad8 17. Rd2 a5 18. Rad1 g6 19. c4 R5d7 20. b3 Qb6
21. Rd3 Qc7 22. R3d2 Qd6 23. Rd3 Bg7 24. Qe1 Qc7 25. Qe4 b5 26. R3d2 Qb6 27. d5
cxd5 28. cxd5 Qb7 29. axb5 exd5 30. Qa4 Rb8 31. Qxa5 Qxb5 32. Qxb5 Rxb5 33. Nd4
Rb6 34. Nf3 d4 35. Rd3 f5 36. Kf1 Bf6 37. Ke2 Rb4 38. Ra1 Kf7 39. Rc1 Re7+ 40.
Kd1 Reb7 41. Kc2 Rc7+ 42. Kd2 Rxc1 43. Kxc1 Ke6 44. Kc2 Kd5 45. Nd2 Rb7 46. g4
Rc7+ 47. Kd1 Rc3 48. Ke2 fxg4 49. hxg4 h5 50. gxh5 gxh5 51. Rf3 Rxf3 52. Kxf3
Bg5 53. Ne4 Be7 54. Ng3 h4 55. Nf5 Bf6 56. Nxd4 1/2-1/2

[Event "6.Torneo de Promoción Almansa 2011"]
[Site "Almansa ESP"]
[Date "2011.08.11"]
[Round "5.6"]
[White "Romero Berruezo, Francisco"]
[Black "Navarro Ortiz De Ortuno, Borja"]
[Result "1/2-1/2"]
[WhiteElo "2161"]
[BlackElo "2216"]
[PlyCount "56"]
[EventDate "2011.08.09"]
[EventType "swiss"]
[EventRounds "9"]
[EventCountry "ESP"]
[Source "lmi"]
[SourceDate "2011.08.09"]

1. Nf3 d5 2. c4 c6 3. e3 Nf6 4. Qc2 g6 5. b3 Bg7 6. Bb2 O-O 7. Be2 a5 8. O-O
Na6 9. a3 Bf5 10. d3 dxc4 11. Qxc4 Qb6 12. Nbd2 a4 13. b4 Be6 14. Qh4 h6 15.
Nc4 Qd8 16. Rac1 Nc7 17. Na5 Qc8 18. Nc4 g5 19. Nxg5 hxg5 20. Qxg5 Qd8 21. f4
Nce8 22. f5 Nh7 23. Qg3 Bxc4 24. Rxc4 Qd6 25. Qg4 Qh6 26. Qg3 Qd6 27. Qg4 Qh6
28. Qg3 Qd6 1/2-1/2

[Event "6.Torneo de Promoción Almansa 2011"]
[Site "Almansa ESP"]
[Date "2011.08.11"]
[Round "5.7"]
[White "Mingarro Carceller, Sergi"]
[Black "Martinez Lopez, David"]
[Result "1/2-1/2"]
[WhiteElo "2069"]
[BlackElo "2183"]
[PlyCount "47"]
[EventDate "2011.08.09"]
[EventType "swiss"]
[EventRounds "9"]
[EventCountry "ESP"]
[Source "lmi"]
[SourceDate "2011.08.09"]

1. e4 e6 2. d4 d5 3. Nd2 c5 4. exd5 exd5 5. Ngf3 Nc6 6. Bb5 Bd6 7. dxc5 Bxc5 8.
O-O Nge7 9. Nb3 Bb6 10. Re1 O-O 11. Bg5 f6 12. Be3 Bg4 13. h3 Bh5 14. c3 Bf7
15. Nbd4 Qd6 16. Bd3 Qd7 17. Qc2 Bg6 18. Bxg6 hxg6 19. Ne6 Qxe6 20. Bxb6 Qd6
21. Bd4 Nf5 22. Rad1 Rfe8 23. Qd2 Kf7 24. Be3 1/2-1/2

[Event "6.Torneo de Promoción Almansa 2011"]
[Site "Almansa ESP"]
[Date "2011.08.11"]
[Round "5.8"]
[White "Garcia Gata, Jorge D"]
[Black "Kovacevic, Slobodan"]
[Result "0-1"]
[WhiteElo "2125"]
[BlackElo "2325"]
[PlyCount "120"]
[EventDate "2011.08.09"]
[EventType "swiss"]
[EventRounds "9"]
[EventCountry "ESP"]
[Source "lmi"]
[SourceDate "2011.08.09"]

1. d4 Nf6 2. Nf3 e6 3. Bg5 Be7 4. e3 c5 5. Bd3 b6 6. c3 Bb7 7. Nbd2 a6 8. a4 d6
9. Bxf6 Bxf6 10. O-O Nd7 11. Re1 Qc7 12. e4 O-O 13. e5 dxe5 14. dxe5 Be7 15.
Nc4 Rfd8 16. Qc2 g6 17. Be4 Rab8 18. Bxb7 Rxb7 19. Rad1 Rbb8 20. Qe4 b5 21.
axb5 axb5 22. Ne3 Bf8 23. Qf4 Bg7 24. Ng4 f5 25. Nh6+ Bxh6 26. Qxh6 Nxe5 27.
Nxe5 Qxe5 28. f4 Qf6 29. Ra1 Ra8 30. Qh3 Qe7 31. Rxa8 Rxa8 32. Qe3 Kf7 33. Qe5
b4 34. cxb4 cxb4 35. Rc1 Rd8 36. Rc7 Rd7 37. Rxd7 Qxd7 38. Qh8 Qd1+ 39. Kf2
Qd2+ 40. Kf3 h5 41. Qh7+ Kf8 42. Qh8+ Ke7 43. Qg7+ Kd6 44. Qe5+ Kd7 45. Qb5+
Ke7 46. Qb7+ Kf6 47. Qb8 Qd3+ 48. Kf2 Qd4+ 49. Kf3 Kg7 50. Qc7+ Kh6 51. Qc2 h4
52. Qe2 Qd5+ 53. Kf2 Qd4+ 54. Kf3 Kh5 55. Qxe6 Qxb2 56. Qe7 Qc3+ 57. Kf2 Qd4+
58. Kf3 Qe4+ 59. Qxe4 fxe4+ 60. Kxe4 Kg4 0-1

[Event "6.Torneo de Promoción Almansa 2011"]
[Site "Almansa ESP"]
[Date "2011.08.11"]
[Round "5.9"]
[White "Couche, Jean-Francois"]
[Black "Carrascoso Morales, Abel"]
[Result "0-1"]
[WhiteElo "2099"]
[BlackElo "2263"]
[PlyCount "120"]
[EventDate "2011.08.09"]
[EventType "swiss"]
[EventRounds "9"]
[EventCountry "ESP"]
[Source "lmi"]
[SourceDate "2011.08.09"]

1. Nf3 Nf6 2. c4 g6 3. Nc3 Bg7 4. e4 d6 5. d4 O-O 6. Be2 Bg4 7. Be3 Nfd7 8. Rc1
a6 9. O-O Bxf3 10. Bxf3 c5 11. Be2 Nc6 12. d5 Nd4 13. Re1 Rb8 14. Bf1 e5 15.
Rb1 f5 16. f3 Qa5 17. a4 f4 18. Bf2 g5 19. Na2 b5 20. cxb5 axb5 21. Nc3 bxa4
22. Qxa4 Qxa4 23. Nxa4 Rb4 24. Bxd4 exd4 25. b3 Ne5 26. Nb2 Rxb3 27. Nc4 Rfb8
28. Rxb3 Rxb3 29. Nxd6 d3 30. Rd1 c4 31. Nxc4 Nxc4 32. Rxd3 Rxd3 33. Bxd3 Bd4+
34. Kh1 Ne5 35. Be2 Bf2 36. h3 h5 37. Bd1 Kf7 38. Be2 Ke7 39. Ba6 Kd6 40. Bf1
Kc5 41. Ba6 h4 42. Bc8 Kd6 43. Ba6 Bc5 44. Bc8 Kc7 45. Ba6 Kb6 46. Bc8 Kb5 47.
Bb7 Kc4 48. Ba6+ Kc3 49. Bc8 Kd2 50. Ba6 Ke1 51. Bb5 Kf2 52. Ba6 Bd6 53. Bb5
Bc5 54. Ba6 Nd7 55. Bc8 Nf6 56. Bf5 Nh5 57. Bc8 Ng3+ 58. Kh2 Nf1+ 59. Kh1 Bd6
60. Bg4 Ne3 0-1

[Event "6.Torneo de Promoción Almansa 2011"]
[Site "Almansa ESP"]
[Date "2011.08.11"]
[Round "5.10"]
[White "Berrocal, Jorge"]
[Black "Barranco Cara, Francisco Javier"]
[Result "1/2-1/2"]
[WhiteElo "2261"]
[BlackElo "2120"]
[PlyCount "65"]
[EventDate "2011.08.09"]
[EventType "swiss"]
[EventRounds "9"]
[EventCountry "ESP"]
[Source "lmi"]
[SourceDate "2011.08.09"]

1. e4 c5 2. Nc3 d6 3. Nf3 Nf6 4. d4 cxd4 5. Nxd4 a6 6. Bg5 e6 7. f4 Be7 8. Qf3
Qc7 9. O-O-O Nbd7 10. g4 b5 11. Bxf6 Bxf6 12. Bxb5 Rb8 13. Bxd7+ Bxd7 14. Qe3
Qb6 15. g5 Be7 16. b3 O-O 17. Kb2 Rfc8 18. f5 Qa5 19. Rd3 Rc5 20. Rg1 Rbc8 21.
Rg3 Bf8 22. g6 hxg6 23. fxe6 fxe6 24. Rxg6 d5 25. Nde2 Bb5 26. exd5 e5 27. Qxe5
Re8 28. Re6 Rec8 29. Rg6 Bxd3 30. Qe6+ Kh7 31. Rg3 Rxd5 32. Qxd5 Ba3+ 33. Kb1
1/2-1/2

[Event "6.Torneo de Promoción Almansa 2011"]
[Site "Almansa ESP"]
[Date "2011.08.11"]
[Round "5.11"]
[White "Sabater Sanchez, Asensio"]
[Black "Del Valle Millan, David"]
[Result "0-1"]
[WhiteElo "2208"]
[BlackElo "2015"]
[PlyCount "72"]
[EventDate "2011.08.09"]
[EventType "swiss"]
[EventRounds "9"]
[EventCountry "ESP"]
[Source "lmi"]
[SourceDate "2011.08.09"]

1. b3 d5 2. Bb2 c5 3. e3 Nc6 4. Bb5 Bf5 5. Bxc6+ bxc6 6. f4 e6 7. Nf3 f6 8. O-O
Bd6 9. Nc3 Ne7 10. d3 O-O 11. Qe2 Bg4 12. Na4 Qc7 13. h3 Bxf3 14. Rxf3 e5 15.
Ba3 exf4 16. exf4 Rfe8 17. Qe6+ Kh8 18. Re1 Bxf4 19. Bxc5 Be5 20. Rfe3 Ng6 21.
Qg4 Qf7 22. g3 Rad8 23. h4 Bb8 24. d4 f5 25. Qf3 f4 26. h5 Rxe3 27. Rxe3 Qc7
28. Re6 Qd7 29. Re2 Nf8 30. gxf4 Ne6 31. h6 Rg8 32. f5 Nf4 33. Re7 gxh6+ 34.
Kf1 Qxf5 35. Re2 Qg5 36. Kf2 Qg1# 0-1